000 00576nam a2200181Ia 4500
008 100921s9999 xx 000 0 und d
082 _b16534
_a891.461 थ 79
100 _aकिणीकर रॉय.
245 _aउत्तररात्र.
260 _bश्रीशब्द प्रकाशन,पुणे.
_c1979
300 _a63
_b---
365 _b8
520 _aललित-काव्य.
630 _aउत्तररात्र.
650 _aललित-काव्य.
730 _aउत्तररात्र.
942 _cBOOK
999 _c765647
_d765644